000
00266nam a22001097a 4500
040
_c
NUST
082
_a
297.7 ISH
100
_a
Ishtiaq Ahmed Qureshi
_9
108954
245
_a
Seerat Kai Isbaaq
260
_a
LAHORE:
_b
FAZLEES BOOK SUPERMARKET,
_c
2022.
942
_2
ddc
_c
BK
999
_c
593239
_d
593239